000 00388nam a2200133Ia 4500
008 151001s9999||||xx |||||||||||||| ||und||
100 _aदिनकर काकडे
245 _aआला रे आला टारझन आला
250 _a1
260 _b"परी प्रकाशन,कोल्हापूर "
260 _c2013
300 _a191
365 _b24
999 _c1000348
_d1000345